Normal view
MARC view
- Developmental psychology.
Entry Topical Term
001 - CONTROL NUMBER
- control field: 4065
003 - CONTROL NUMBER IDENTIFIER
- control field: NUST
005 - DATE AND TIME OF LATEST TRANSACTION
- control field: 20170823150511.0
008 - FIXED-LENGTH DATA ELEMENTS
- fixed length control field: 170823|| aca||aabn | a|a d
040 ## - CATALOGING SOURCE
- Original cataloging agency: NUST
- Transcribing agency: NUST
150 ## - HEADING--TOPICAL TERM
- Topical term or geographic name entry element: Developmental psychology.
670 ## - SOURCE DATA FOUND
- Source citation: Work cat.: (NUST)0: Broderick, Patricia C. 4064, The life span :, c2010.
